[Event "10th KiiT Festival 2017"]
[Site "Bhubaneshwar"]
[Date "2017.05.30"]
[Round "7"]
[White "Roy Chowdhury, Saptarshi"]
[Black "Harshavardhan G B"]
[Result "1-0"]
[WhiteElo "2326"]
[BlackElo "2157"]
[Annotator "TA"]
[PlyCount "113"]
[EventDate "2017.05.26"]
[EventType "swiss"]
[EventCountry "IND"]
[SourceTitle "playchess.com"]
[Source "ChessBase"]
[SourceQuality "1"]

{[%evp 14,112,13,8,29,14,34,34,34,34,34,22,23,37,67,62,70,60,111,93,125,106,108,103,359,339,328,354,333,324,333,335,337,328,323,242,474,470,438,393,374,379,376,358,385,377,392,369,393,392,371,388,393,384,371,376,382,370,363,323,684,658,848,802,1406,1392,1726,1442,2349,2072,2995,2880,6219,3034,29979,29980,29986,29987,29988,29989,29990,29991,29991,29992,29993,29992,29992,29993,29993,29994,29995,29996,29996,29996,29996,29997,29997,29998,29998,29999,29999]} 1. d4 Nf6 2. Nf3 e6 3. e3 d5 4. Bd3 c5 5. b3 Bd6 6. Bb2 Nbd7 7. Nbd2 O-O 8. O-O {LiveBook: 12 Games} Qe7 {D05: Colle System with ...e6} 9. Ne5 cxd4 10. exd4 Ba3 {White is slightly better.} 11. Bxa3 Qxa3 12. Qe2 b6 13. f4 g6 $146 14. Ndf3 Bb7 15. Ng5 Qe7 (15... Rae8 $14) 16. a4 Kg7 17. Rae1 Rae8 18. Rf3 {[%cal Bf1f3,Bf3g3,Bg3g6][%mdl 32]} h6 $2 {[%mdl 8192]} (18... Qb4 $16) 19. Ngxf7 $1 $18 Rxf7 {[#]} 20. Rg3 $1 ({Wrong is} 20. Bxg6 $2 Nxe5 21. fxe5 Kxg6 $19) 20... Nxe5 21. Qxe5 Rg8 {Black wants to play ...Kh7.} 22. Rxg6+ Kf8 {[#]} 23. f5 $1 {[%cal Rf5e6]} (23. Rxh6 Bc8 $16) (23. Qxe6 Qxe6 24. Rxe6 Ne4 $14) (23. Qb8+ Qe8 $14) 23... Bc8 24. Qf4 (24. fxe6 Rxg6 25. Bxg6 (25. exf7 Qxe5 26. dxe5 Ne4 $11) 25... Rg7 $16) 24... Qb4 $2 (24... Rfg7 {was necessary.} 25. Qxh6 Kf7 26. fxe6+ Bxe6 27. Rxg7+ Rxg7) 25. c3 Qe7 26. Qxh6+ Ke8 27. fxe6 Rff8 28. Rxg8 Nxg8 29. Qh5+ Kd8 30. Qxd5+ Kc7 31. Qe5+ Qd6 32. Qg7+ Qe7 33. Qxe7+ Nxe7 34. c4 Kd6 35. d5 Bb7 36. Rf1 Rxf1+ $2 (36... Rb8 37. Be4 Rg8) 37. Kxf1 a6 38. h4 Ng8 39. h5 Nh6 40. Ke2 Ke7 41. Kf3 b5 42. axb5 axb5 43. Kf4 (43. g4 $142 bxc4 44. bxc4) 43... bxc4 44. bxc4 {White mates.} Kf6 45. g4 {[%cal Bg2g4,Bg4g5][%mdl 32]} Kg7 46. g5 Ng8 47. d6 Kf8 48. h6 Bc8 49. d7 Bxd7 50. exd7 {[%mdl 4096] Endgame KB-KN} Ke7 51. h7 Kxd7 52. hxg8=Q Kc6 53. Qd5+ Kb6 54. Ke5 Kc7 55. Be4 Kb6 56. Qb7+ Kc5 57. Qb5# {Precision: White = 88%, Black = 28%.} 1-0

[Event "10th KiiT Festival 2017"]
[Site "Bhubaneshwar"]
[Date "2017.05.30"]
[Round "7"]
[White "Karthik Venkataraman"]
[Black "Laxman, R R"]
[Result "1/2-1/2"]
[WhiteElo "2317"]
[BlackElo "2417"]
[Annotator "TA"]
[PlyCount "113"]
[EventDate "2017.05.26"]
[EventType "swiss"]
[EventCountry "IND"]
[SourceTitle "playchess.com"]
[Source "ChessBase"]
[SourceQuality "1"]

{[%evp 29,113,8,8,3,11,0,11,0,3,-5,0,-33,-25,-54,-39,-45,0,-93,-98,-101,-75,-91,-26,-87,-74,-100,-45,-126,-121,-112,-41,-56,-55,-157,-208,-184,-203,-795,-271,-196,-186,-169,-172,-200,-199,-196,-196,-200,-197,-193,-188,-183,-114,-103,-102,-102,-102,-108,-100,-93,-81,-77,-69,-71,-62,-131,-139,-129,-24,-18,-8,-8,-8,-8,-8,-67,-67,-67,-8,-8,0,0,0,0,0,0]} 1. Nf3 Nf6 2. c4 e6 3. Nc3 d5 4. e3 a6 5. b3 c5 6. cxd5 exd5 7. d4 Nc6 8. Bb2 Bg4 9. Be2 Bd6 10. dxc5 Bxc5 11. O-O O-O 12. Rc1 Ba7 {D32: Tarrasch Defence: Sidelines and lines without g3} 13. Nd4 Bxd4 14. Bxg4 Be5 15. Bf3 Qd6 {LiveBook: 6 Games} 16. g3 Rad8 17. Bg2 Rfe8 18. Qc2 d4 19. exd4 {[#]} Bxd4 $146 ({Predecessor:} 19... Nxd4 20. Qb1 {0-1 (47) Todorov,O (2335)-Ivanisevic,I (2577) Struga 2005}) 20. Qf5 g6 21. Qg5 Re5 22. Qf4 Qe7 (22... g5 {looks sharper.} 23. Qf3 Qe6 24. Rc2 h5 25. Kh1 g4) 23. Bxc6 (23. Rcd1 $11 {keeps the balance.}) 23... bxc6 $17 24. Rc2 c5 25. Qf3 Re8 (25... Rf5 $17 26. Qg2 Ng4) 26. Kg2 (26. Na4 $11) 26... Qe6 27. h3 Rh5 (27... h5 $17 28. Qd3 h4 $1 {[%mdl 512]} 29. gxh4 Rh5) 28. h4 (28. g4 $15 Re5 29. Bc1) 28... Rf5 $1 {[%cal Rf5f3]} 29. Qb7 Re5 (29... Ng4 $17 30. Nd1 Rd5 31. Bxd4 cxd4) 30. Qf3 $1 $15 h5 $36 {[%mdl 2048] Black is more active.} 31. Nd1 (31. Bc1 $15) 31... Rf5 $17 32. Qd3 Nd5 $1 {[%cal Rd5b4]} 33. Qc4 $2 {[#]} (33. Ba3) 33... Rf4 $1 {[%mdl 512]} 34. Bxd4 $19 (34. gxf4 Nxf4+) 34... Rxh4 {( -> ...Qh3+)} (34... cxd4 35. Qc6 $15) 35. Kg1 (35. gxh4 $2 {gets mated.} Nf4+ 36. Kh2 Qh3+ 37. Kg1 Qg2#) 35... cxd4 ({Don't play} 35... Rxd4 36. Qxc5 Qg4 37. Qc6 $17) 36. Qc6 {Threatens to win with Qxe6.} Re4 37. Qxe6 R8xe6 ({Don't take} 37... R4xe6 38. Rc4 $15) 38. Rd2 {[#]} Rg4 $1 39. Kh2 {[#]} h4 $1 40. Rg1 hxg3+ ({Better is} 40... Rge4 $19 41. gxh4 Rxh4+ 42. Kg3 g5) 41. Rxg3 $17 Rh4+ 42. Rh3 Rxh3+ 43. Kxh3 {[%mdl 4096] Endgame KRN-KRN} Re4 44. f3 Nf4+ 45. Kg4 Re2 46. Rxd4 Ne6 47. Rc4 (47. Ra4 $15) 47... f5+ 48. Kg3 f4+ (48... Rxa2 $17 {aiming for ...f4+.} 49. Ra4 Rxa4 50. bxa4 g5) 49. Kh3 $11 Rxa2 {Strongly threatening ...Rd2.} (49... Rd2 {seems wilder.} 50. Rc6 Kf7 51. Nc3 Rf2 52. Ne4 Rxf3+ 53. Kg4 Re3) 50. Ra4 $1 {[%cal Ra4a2]} Rxa4 51. bxa4 {KN-KN} Kg7 52. Nc3 (52. Kg4 $11) 52... Kf6 $15 53. Nd5+ Ke5 (53... Kf5 $15 54. Ne7+ Kg5) 54. Nb4 $1 $11 {The position is equal.} Nc5 55. Kg4 Kd6 {White must now prevent ...a5.} 56. a5 Ke5 57. Kg5 {Precision: White = 53%, Black = 60%.} 1/2-1/2

[Event "10th KiiT Festival 2017"]
[Site "Bhubaneshwar"]
[Date "2017.05.30"]
[Round "7"]
[White "Aradhya, Garg"]
[Black "Jeet, Jain"]
[Result "1/2-1/2"]
[WhiteElo "2304"]
[BlackElo "2151"]
[Annotator "TA"]
[PlyCount "70"]
[EventDate "2017.05.26"]
[EventType "swiss"]
[EventCountry "IND"]
[SourceTitle "playchess.com"]
[Source "ChessBase"]
[SourceQuality "1"]

{[%evp 13,70,6,16,12,12,-8,-11,-12,-8,-8,-8,-13,-12,-8,13,15,22,21,21,22,22,27,21,18,19,19,20,18,18,25,24,22,28,3,6,0,0,0,0,0,0,0,0,0,0,0,0,0,0,-14,0,0,0,0,72,31,73,79,58]} 1. d4 d5 2. c4 e6 3. Nf3 Nf6 4. Nc3 Be7 5. Bf4 O-O 6. e3 b6 7. Rc1 Bb7 8. cxd5 {D37: Queen's Gambit Declined: 5 Bf4} (8. Bd3 dxc4 9. Bxc4 a6 10. O-O b5 11. Bd3 Nbd7 12. a4 b4 13. Nb1 c5 14. Nbd2 cxd4 15. Bc7 Qe8 16. exd4 {1-0 (57) Lalith,B (2575)-Melkumyan,H (2650) Abu Dhabi 2016}) 8... Nxd5 9. Bg3 c5 10. Bc4 $146 {The position is equal.} ({Predecessor:} 10. Bd3 cxd4 11. exd4 Nd7 12. O-O N7f6 13. Be5 Rc8 14. Re1 a6 15. Bb1 Qd7 {½-½ (36) Chojnacki,K (2369)-Urban,K (2418) Poronin 2016}) 10... cxd4 11. exd4 Nc6 12. Bxd5 exd5 13. O-O Bd6 14. Re1 Bxg3 15. hxg3 Qd7 16. Qb3 Rad8 17. Ne5 Nxe5 18. Rxe5 Rfe8 19. Rce1 Rxe5 20. Rxe5 Re8 21. Qb5 Bc6 22. Qe2 Re6 23. Rxe6 (23. f3 {keeps more tension.} h6 24. Kf2 Rxe5 25. Qxe5 f6 26. Qb8+) 23... Qxe6 24. Qxe6 fxe6 $11 {[%mdl 4096] Endgame KB-KN} 25. f3 Kf7 26. Kf2 Kf6 27. Ke3 h5 28. b4 Bd7 29. a3 Ke7 30. Kf4 Kf6 31. a4 Bc6 32. b5 Bd7 33. Na2 g5+ 34. Ke3 Ke7 {[#]} 35. Nb4 $1 Be8 {Precision: White = 79%, Black = 58%.} 1/2-1/2

[Event "10th KiiT Festival 2017"]
[Site "Bhubaneshwar"]
[Date "2017.05.30"]
[Round "7"]
[White "Muthaiah AL"]
[Black "Krishnater Kushager"]
[Result "1/2-1/2"]
[WhiteElo "2289"]
[BlackElo "1953"]
[Annotator "TA"]
[PlyCount "192"]
[EventDate "2017.05.26"]
[EventType "swiss"]
[EventCountry "IND"]
[SourceTitle "playchess.com"]
[Source "ChessBase"]
[SourceQuality "1"]

{[%evp 14,192,-1,-4,10,-5,14,11,19,7,14,4,4,0,46,0,0,0,0,0,0,6,26,0,0,0,19,9,9,17,6,12,34,52,58,46,50,45,31,0,20,22,29,22,22,22,22,22,23,22,23,18,28,16,53,23,35,23,23,21,16,16,16,16,29,22,22,11,21,18,18,15,17,10,25,25,29,25,79,79,79,79,72,50,50,50,50,50,50,50,50,50,54,54,54,49,54,54,54,41,54,54,66,49,54,54,66,10,54,54,66,66,66,66,66,66,66,72,72,72,79,79,79,46,46,46,79,79,115,46,115,115,115,115,115,115,115,115,115,115,115,115,115,115,115,115,115,115,115,115,115,115,115,115,115,115,115,115,115,115,115,111,115,111,111,111,111,111,111,111,111,111,115,0,111,111,111,111,111,0,107]} 1. b3 e5 2. Bb2 Nc6 3. e3 Nf6 4. c4 d5 5. cxd5 Nxd5 6. a3 Be7 7. Qc2 {A01: Nimzowitsch-Larsen Opening} O-O 8. Nf3 {LiveBook: 15 Games} Bd6 (8... f6 9. Be2 Be6 10. O-O Qd7 11. b4 a6 12. d3 Kh8 13. Nbd2 Nb6 {½-½ (51) Bauer,C (2624)-Leenhouts,K (2400) Maastricht 2015}) 9. d3 $146 ({Predecessor:} 9. Bb5 Nde7 10. Be2 Bf5 11. d3 f6 12. Nbd2 Rc8 13. O-O Bg6 {1-0 (37) Migliorini,R (1747)-Evtyugin,Y (1003) LSS email 2011}) 9... Qe7 10. Be2 Kh8 11. Nbd2 f5 12. O-O Bd7 13. b4 Rae8 14. Nc4 (14. b5 $5 {[%cal Rb5c6]} Na5 15. Nc4 Nxc4 16. dxc4 $14) 14... b5 15. Nxd6 cxd6 16. Rac1 Rc8 17. Qd2 a6 18. Rfe1 Be6 19. Rc2 Rc7 20. Rec1 Rfc8 21. e4 fxe4 22. dxe4 Nf4 23. Bf1 Bg4 24. Ne1 $1 Ne6 25. Qd5 Nf4 26. Qd2 Ne6 $1 27. Rc3 Ncd4 28. f3 {Strongly threatening Rxc7.} Bh5 29. Rxc7 Rxc7 30. Rxc7 Qxc7 31. Qc3 Qxc3 32. Bxc3 Kg8 33. Kf2 Be8 34. Ke3 Kf7 35. g3 g5 36. Bd3 Ke7 37. Nc2 Nxc2+ 38. Bxc2 $11 {[%mdl 4096] Endgame KBB-KBN} Bc6 39. Bd3 Kf6 40. Bf1 Be8 41. Bb2 Bc6 42. Bh3 Bb7 43. Bg4 Kf7 44. Kd3 Ke7 45. Bc1 Kf6 (45... h6 $11) 46. Bxe6 $16 Kxe6 47. Bxg5 {KB-KB} d5 48. Ke3 dxe4 49. fxe4 Bc6 50. g4 Be8 51. Bh6 Bg6 52. h4 {[%cal Bh2h4,Bh4h5][%mdl 32]} Be8 53. h5 Bf7 54. Bg7 Be8 55. Kf3 Bf7 56. Bf8 Be8 57. Bc5 Bf7 58. Be3 Be8 59. Bc1 Bf7 60. Bb2 ({White should try} 60. Kg3 $14) 60... Be8 61. Bc3 Bf7 62. Kg3 Be8 63. Kh4 Bc6 64. Kg5 $1 Bxe4 65. Kh6 $1 Kf7 66. Bxe5 Kg8 67. Kg5 Bc2 68. Kf6 Bd1 $1 69. Kf5 Bc2+ 70. Kf4 Bd1 {[#]} 71. Bf6 (71. h6 $1 $16) 71... Be2 {[#]} (71... Kf7 $14 72. Bc3 Ke6) 72. h6 $1 Kf7 73. g5 Kg6 74. Ke5 Bd1 75. Kd6 Ba4 76. Kc5 Kf7 77. Kb6 Kg6 78. Kxa6 Kf7 79. Kb6 Kg6 80. Kc5 Kf7 81. Bd8 Kg6 82. Kd6 Kf7 83. Ke5 Kg6 84. Kf4 Bc2 85. Bf6 Ba4 86. Bc3 Bc2 87. Bd2 Ba4 88. Ke5 Bc2 89. Kd4 Ba4 90. Kc5 Kf7 91. Be3 Kg6 92. Kb6 Kf7 93. Kc5 Kg6 94. Bc1 Kf7 95. Bd2 Kg6 96. Bc1 Kf7 $1 {Precision: White = 71%, Black = 62%.} 1/2-1/2

[Event "10th KiiT Festival 2017"]
[Site "Bhubaneshwar"]
[Date "2017.05.30"]
[Round "7"]
[White "Saurabh Anand"]
[Black "Das, Sayantan"]
[Result "1/2-1/2"]
[WhiteElo "2266"]
[BlackElo "2396"]
[Annotator "TA"]
[PlyCount "78"]
[EventDate "2017.05.26"]
[EventType "swiss"]
[EventCountry "IND"]
[SourceTitle "playchess.com"]
[Source "ChessBase"]
[SourceQuality "1"]

{[%evp 25,78,30,34,27,28,21,26,39,41,23,70,68,63,58,145,130,107,37,38,37,41,41,41,34,128,118,132,79,64,56,393,0,0,-589,-588,-588,-583,-567,-551,-868,-858,-658,-651,-636,-87,-76,-39,-87,0,0,0,-149,-138,-129,-135]} 1. e4 {[%cal Be2e4,Be4e5][%mdl 32]} e6 2. d4 d5 3. Nc3 Nf6 4. e5 Nfd7 5. f4 c5 6. Nf3 a6 7. Be3 Qb6 8. Na4 Qa5+ 9. c3 cxd4 10. b4 Qc7 11. Qxd4 a5 {C11: French: Classical System: 4 e5 and 4 Bg5 dxe4} (11... Nc6 12. Qd2 Be7 13. Bd3 b5 14. Nb2 a5 15. Nd4 axb4 16. Nxb5 Qb8 17. c4 b3 18. O-O d4 19. Nxd4 Nxd4 20. Bxd4 bxa2 {0-1 (58) Brkic,A (2553)-Sedlak,N (2523) Mali Losinj 2017}) 12. b5 b6 13. Be2 Nc5 $1 {LiveBook: 7 Games. White has an edge.} 14. Nxc5 Bxc5 15. Qd2 O-O $146 ({Predecessor:} 15... Bxe3 16. Qxe3 Nd7 17. O-O Nc5 18. Rac1 O-O 19. Bd3 {½-½ (28) Iounoussov,M (1992)-Trella,T (1979) Kranenburg 2003}) 16. Bd4 Nd7 17. O-O f6 18. Kh1 Bb7 19. Bd3 a4 (19... Rae8 $14) 20. Qe1 $16 Rae8 21. Qh4 (21. Qb1 $1 $16 f5 22. g4) 21... f5 $1 $14 22. g4 {And now Qh3 would win.} Be7 $1 {[%cal Re7h4]} 23. Qh3 Nc5 24. Bxc5 Qxc5 (24... Bxc5 $14 25. gxf5 d4) 25. gxf5 $16 Qxc3 26. Rad1 (26. f6 $142 $1 Qxd3 27. Qxe6+ Rf7 28. Ng5 (28. Qd7 Bf8 $17) 28... d4+ 29. Kg1) 26... exf5 27. Bxf5 g6 $2 {[%mdl 8192]} (27... Rxf5 $14 28. Qxf5 d4) 28. Rd3 $2 ({White has to play} 28. Bxg6 $1 $18 hxg6 29. Qh6) 28... Qc4 $1 $11 29. Rd4 $2 {[%mdl 8192]} (29. Rg1 $11 Rxf5 30. Qxf5) 29... Rxf5 $19 30. Rxc4 dxc4 31. Kg2 Ref8 32. Kg3 {Threatening Nd4.} Rxf4 33. Qe6+ R8f7 34. Nd2 Rxf1 $2 (34... Bh4+ $1 $19 {is more deadly.} 35. Kh3 Bf2 36. Qe8+ Rf8 37. Qe6+ Kh8) 35. Nxf1 $17 c3 $1 {[%cal Rc3c2]} 36. Ne3 c2 ({Better is} 36... Bc5 $1 $17 {[%cal Rc5e3]} 37. Ng4 Kg7) 37. Nxc2 $11 {Threatens to win with Nd4.} Bc5 $1 {[%cal Rc5f2] Strongly threatening ...Bf2+.} 38. Qc4 {[#]} (38. h4 $1 $11 {keeps the balance.} Kg7 39. Qc4 Rf3+ 40. Kh2 Rf2+ 41. Kh3) 38... Bf2+ $1 $17 {[%mdl 1024] Black has strong compensation.} 39. Kh3 {[#]} g5 $1 {Precision: White = 52%, Black = 39%.} 1/2-1/2

[Event "10th KiiT Festival 2017"]
[Site "Bhubaneshwar"]
[Date "2017.05.30"]
[Round "7"]
[White "Sammed Jaykumar, Shete"]
[Black "Senthil Maran K"]
[Result "1/2-1/2"]
[WhiteElo "2263"]
[BlackElo "2111"]
[Annotator "TA"]
[PlyCount "122"]
[EventDate "2017.05.26"]
[EventType "swiss"]
[EventCountry "IND"]
[SourceTitle "playchess.com"]
[Source "ChessBase"]
[SourceQuality "1"]

{[%evp 9,122,10,14,6,55,27,64,-4,22,0,-6,-17,-19,-15,14,-17,-19,-23,-12,-16,0,-21,-14,-21,-21,-24,-15,-22,-22,-22,-25,-38,0,-46,-46,-46,-46,-52,-55,-59,-44,-45,-8,-10,-8,-8,0,-52,0,0,0,-45,11,12,26,11,25,0,0,0,0,0,0,0,0,-9,0,0,0,0,0,0,0,0,0,0,0,-9,-9,-9,-9,-9,-9,-9,-9,-18,0,0,0,0,0,0,0,0,0,0,0,0,0,0,0,0,0,0,0,0,0,0,0,0,0,0,0,0,0]} 1. e4 c5 2. Nf3 Nf6 3. Nc3 d5 4. exd5 Nxd5 5. g3 (5. Bb5+ Bd7 6. a4 Nxc3 7. dxc3 a6 8. Bc4 e6 9. Ne5 Nc6 10. Nxd7 Qxd7 11. Qxd7+ Kxd7 12. Bf4 Rd8 {½-½ (58) Naiditsch,A (2687)-Rakhmanov,A (2667) Tallinn 2016}) 5... Nxc3 {LiveBook: 3 Games} 6. bxc3 {B29: Sicilian: 2 Nf3 Nf6 (Nimzowitsch Variation)} b6 7. Bg2 {[#] Strongly threatening Ng1.} Bb7 8. O-O ({Better is} 8. Bb2 $14) 8... e6 9. Qe2 $146 ({Predecessor:} 9. a4 Be7 10. d3 O-O 11. c4 Bf6 12. Rb1 Nc6 {1-0 (57) Spangenberg,H (2565)-Rossetto,H (2285) La Plata 1997}) 9... Be7 10. Rd1 O-O 11. d4 Qc7 12. Be3 Bd6 13. a4 Nd7 14. a5 Rac8 15. c4 Bxf3 16. Bxf3 cxd4 17. Bxd4 Ne5 18. Bxe5 Bxe5 19. Rab1 {Black must now prevent c5!} Bf6 20. a6 Rfd8 21. Bb7 Qxc4 22. Rxd8+ Bxd8 23. Qd1 Rb8 24. Rb3 h6 25. Rd3 Be7 26. Kg2 Bc5 27. Rd7 Rf8 28. Qd2 ({White should play} 28. Rc7 $11) 28... h5 (28... Qa4 $15) 29. h4 $11 g6 30. Qd1 Qa4 (30... b5 $15) 31. Qd3 b5 32. Be4 f5 $1 {[%cal Rf5e4]} ({Much worse is} 32... Qxa6 $6 {[#]} 33. Bxg6 $1 {[%mdl 512]} Qa1 34. Bh7+ (34. Bxh5 Qf6 $16) (34. Qxb5 Bxf2 35. Bh7+ Kxh7 $11) 34... Kh8 35. Qf3 $16 (35. Qxb5 Bxf2 36. Kxf2 Kxh7 $14)) 33. Bd5 Qxa6 {The position is equal.} 34. Qc3 {[%csl Gd7][%cal Rc3g7]} Rf7 35. Rxf7 $1 Kxf7 36. Qxc5 {Hoping for Qc7+.} exd5 37. Qxd5+ {[%mdl 4096] Endgame KQ-KQ} Kg7 38. Qd7+ Kh6 39. Qf7 Qa1 (39... Qc6+ {is interesting.} 40. Kg1 Qxc2 41. Qf8+ Kh7 42. Qf7+ Kh6) 40. Qf8+ Qg7 41. Qb8 Qd4 42. Qxb5 Qe4+ 43. Kg1 Qxc2 44. Qe5 {[%cal Re5h8]} Qb1+ 45. Kh2 {[%cal Re5h8]} Qb7 46. Qc5 Kh7 47. Qe5 a6 48. Qc5 Kg7 49. Qe5+ Kh7 50. Qc5 Qd7 51. Qb6 Qd2 (51... f4 $5) 52. Kg2 Qd5+ 53. Kh2 a5 54. Qc7+ Kg8 55. Qc8+ Kg7 56. Qc7+ Kh6 57. Qf4+ Kh7 58. Qc7+ Kh8 59. Qc8+ Kg7 60. Qc7+ Kf6 61. Qb6+ Kg7 {Precision: White = 68%, Black = 48%.} 1/2-1/2

[Event "10th KiiT Festival 2017"]
[Site "Bhubaneshwar"]
[Date "2017.05.30"]
[Round "7"]
[White "Sahoo, Utkal Ranjan"]
[Black "Manish Anto Cristiano F"]
[Result "1/2-1/2"]
[WhiteElo "2256"]
[BlackElo "1944"]
[Annotator "TA"]
[PlyCount "83"]
[EventDate "2017.05.26"]
[EventType "swiss"]
[EventCountry "IND"]
[SourceTitle "playchess.com"]
[Source "ChessBase"]
[SourceQuality "1"]

{[%evp 21,83,24,25,15,22,18,18,18,18,18,18,17,22,22,38,8,34,24,42,17,20,20,17,0,0,-4,0,0,0,-4,-4,-4,-2,-4,-6,-7,0,0,0,-4,-4,-33,-28,-28,-17,-34,-39,-34,-39,-72,-77,-92,-100,-121,-118,-156,-160,-321,-316,-323,-326,-355,-112,-461]} 1. d4 d5 2. c4 c6 3. Nc3 Nf6 4. cxd5 cxd5 5. Bf4 Nc6 6. e3 a6 7. Bd3 e6 8. Nf3 Bd6 9. Bxd6 Qxd6 10. O-O b5 11. Rc1 O-O 12. Nd2 {D10: Slav Defence: 3 cxd5 (without early Nf3) and 3 Nc3} (12. a3) 12... Na5 13. a4 $146 ({Predecessor:} 13. Nf3 Bb7 14. b3 Nc6 15. Qe2 Rfd8 16. Rfd1 Rac8 17. Qb2 Rc7 18. Bxb5 axb5 19. Nxb5 Qe7 20. Nxc7 Qxc7 {½-½ (30) Golyshkina,M (1732)-Rudnitsky,I (1994) Voronezh 2015}) 13... b4 14. Ne2 {The position is equal.} Bd7 15. b3 Rfc8 16. Rxc8+ Rxc8 17. Qb1 g6 18. Rc1 Rc6 19. Rxc6 (19. Rc2 {is interesting.} Bc8 20. Nf3 Rxc2 21. Qxc2 Qc6 22. Ne5) 19... Qxc6 20. Qc1 (20. Nf3 {feels hotter.} Bc8 21. Ne5 Qc7 22. f3 Kg7 23. Qc1) 20... Qxc1+ 21. Nxc1 {With the idea Na2.} Bc8 22. Nf3 Nd7 23. Kf1 f6 24. Ne1 e5 25. f3 Kf7 26. Nc2 Nc6 27. dxe5 fxe5 28. e4 dxe4 29. Bxe4 Ndb8 30. a5 Bf5 31. Nd3 Bxe4 32. fxe4 Nxa5 33. Ncxb4 Nxb3 34. Nxe5+ $15 {[%mdl 4096] Endgame KNN-KNN} Ke6 35. Nc4 Nc5 36. Nd2 Ke5 37. Nf3+ Kxe4 38. Ng5+ Kd4 {White must now prevent ...a5.} 39. Nxh7 $2 (39. Nxa6 $17 Nbxa6 40. Nxh7) 39... a5 $19 40. Nc2+ {[#]} Kc3 $1 {[%cal Rc3c2]} 41. Na3 Ne6 $2 (41... Kb3 $19 {has better winning chances.} 42. Nb5 Nc6) 42. h4 $2 {[%mdl 40960] Precision: White = 38%, Black = 62%. . An unexpected result.} (42. Nf6 $17 {is tougher.}) 1/2-1/2

[Event "10th KiiT Festival 2017"]
[Site "Bhubaneshwar"]
[Date "2017.05.30"]
[Round "7"]
[White "Fenil, Shah"]
[Black "Shyaamnikhil P"]
[Result "0-1"]
[WhiteElo "2252"]
[BlackElo "2457"]
[Annotator "TA"]
[PlyCount "58"]
[EventDate "2017.05.26"]
[EventType "swiss"]
[EventCountry "IND"]
[SourceTitle "playchess.com"]
[Source "ChessBase"]
[SourceQuality "1"]

{[%evp 13,58,3,9,8,37,25,34,29,29,6,24,-9,-11,-9,-13,-9,0,0,0,-192,-206,-171,0,-54,0,-173,-142,-332,-325,-309,-318,-327,-311,-322,-320,-324,-305,-254,-245,-256,-232,-242,-242,-232,-241,-415,-415]} 1. d4 Nf6 2. Nf3 g6 3. Nbd2 d5 4. e3 Bg7 5. b4 {[%cal Bb2b4,Bb4b5][%mdl 32]} O-O 6. Bb2 c6 7. c4 a5 8. b5 {A48: 1 d4 Nf6 2 Nf3 g6: Torre, London and Colle Systems} dxc4 9. Bxc4 Ne8 {[%cal Bf6e8,Be8d6,Bd6c4][%mdl 32]} 10. a4 $146 {White is slightly better.} ({Predecessor:} 10. bxc6 Nxc6 11. O-O Nd6 12. Be2 b5 13. Ne5 Nxe5 14. dxe5 Be6 15. Qb1 Nc4 16. Nxc4 Bxc4 17. Bxc4 bxc4 {1-0 (43) Naroditsky,D (2601)-Troff,K (2532) Saint Louis 2014}) 10... Nd6 11. bxc6 Nxc4 12. cxb7 (12. Nxc4 {is more complex.} Nxc6 13. O-O Nb4 14. Nfd2 Be6 15. Ba3) 12... Bxb7 13. Nxc4 Ba6 14. Rc1 Nc6 15. O-O Nb4 16. e4 $2 (16. Ba3 $11 {and White stays safe.}) 16... Na2 $1 $19 {[%cal Ra2c1][%mdl 1024] Black has strong compensation.} 17. Rc2 {[#]} Nb4 (17... Rc8 $1 $19 {Strongly threatening ...Nb4.} 18. Ne3 Bxf1 19. Kxf1 Rxc2 20. Qxc2 Qa8) 18. Rc1 $1 $15 Na2 (18... Rb8 $15 19. Ba3 Bh6) 19. Rc2 $19 {[#]} Rc8 $1 $36 {[%cal Rc8c4][%mdl 2048] Black is really pushing.} 20. Qe2 $2 (20. Nfe5 $17 {was called for.}) 20... Qe8 21. Ba3 Qxa4 {[%cal Ra6c4]} 22. Bc5 {[#]} Rxc5 $1 {[%mdl 512]} 23. dxc5 Nc3 24. Qd2 Qxc4 {[%csl Ga6][%cal Rc4f1]} 25. Re1 Nxe4 ({Stronger than} 25... Qxc5 26. e5 $11) 26. Rxc4 Nxd2 27. Nxd2 Bxc4 28. Nxc4 Rc8 29. Nxa5 $2 (29. Rxe7 Rxc5 30. Re8+ Bf8 31. Ne3) 29... Bc3 {Precision: White = 34%, Black = 63%.} 0-1